| 000 | 00372nam a2200145Ia 4500 | ||
|---|---|---|---|
| 008 | 090124s9999 xx 000 0 und d | ||
| 082 | _b204763 | ||
| 245 | _aTHE RAILWAY TRAIN: HOW IT WORKS | ||
| 250 | _a1 | ||
| 260 |
_bROY NAVKALA _c1998 |
||
| 300 | _a32 | ||
| 630 | _aTHE RAILWAY TRAIN: HOW IT WORKS | ||
| 730 | _aTHE RAILWAY TRAIN: HOW IT WORKS | ||
| 942 | _cBOOK | ||
| 999 |
_c186344 _d186344 |
||